Structural appraisal of traditional buildings (Record no. 104515)
[ view plain ]
| 000 -LEADER | |
|---|---|
| fixed length control field | 01259cam a2200241 4500 |
| 001 - CONTROL NUMBER | |
| control field | L130673 |
| 008 - FIXED-LENGTH DATA ELEMENTS--GENERAL INFORMATION | |
| fixed length control field | 050823n2005 000 0 eng u |
| 020 ## - INTERNATIONAL STANDARD BOOK NUMBER | |
| International Standard Book Number | 1873394683 |
| 035 ## - SYSTEM CONTROL NUMBER | |
| System control number | (Sirsi) u130673 |
| 041 0# - LANGUAGE CODE | |
| Language code of text/sound track or separate title | eng |
| 050 04 - LIBRARY OF CONGRESS CALL NUMBER | |
| Classification number | 690.21 $2 22 |
| 100 1# - MAIN ENTRY--PERSONAL NAME | |
| Personal name | Robson, Patrick |
| 245 00 - TITLE STATEMENT | |
| Title | Structural appraisal of traditional buildings |
| 250 ## - EDITION STATEMENT | |
| Edition statement | 2nd ed. |
| 260 ## - PUBLICATION, DISTRIBUTION, ETC. | |
| Place of publication, distribution, etc. | Shaftesbury |
| Name of publisher, distributor, etc. | Donhead |
| Date of publication, distribution, etc. | 2005 |
| 350 ## - PRICE (NR) (BK AM CF MU VM SE) [OBSOLETE] | |
| Price | 39.50 |
| 520 ## - SUMMARY, ETC. | |
| Summary, etc. | Substantially rewritten and includes over 150 diagrams to illustrate the main principles. Provides a guide to the common causes of structural damage. Examines techniques for collecting evidence including desk study, visual inspection, distortion survey, testing and ground investigation along with advice on managing liability. Describes a wide range of investigative techniques covering most of the circumstances likely to occur in practice. Includes additional material on structural behaviour, initial appraisal, building types, the use of iron in buildings and the problems that occur in buildings built on clay. |
| 520 ## - SUMMARY, ETC. | |
| Summary, etc. | Supersedes first edition published in 1991 by Gower. |
| 590 ## - LOCAL NOTE (RLIN) | |
| Local note | IKA130905 |
| 690 ## - LOCAL SUBJECT ADDED ENTRY--TOPICAL TERM (OCLC, RLIN) | |
| Topical term or geographic name as entry element | BUILT ENVIRONMENT-BUILDING INSPECTION-STRUCTURAL SURVEYING |
| 942 ## - ADDED ENTRY ELEMENTS (KOHA) | |
| Suppress in OPAC | 0 |
| Withdrawn status | Lost status | Source of classification or shelving scheme | Damaged status | Not for loan | Home library | Current library | Shelving location | Date acquired | Cost, normal purchase price | Total Checkouts | Full call number | Barcode | Date last seen | Copy number | Cost, replacement price | Price effective from | Koha item type |
|---|---|---|---|---|---|---|---|---|---|---|---|---|---|---|---|---|---|
| Dewey Decimal Classification | London | London | Books | 09/09/2005 | 33.57 | 690.21 ROB | 30071299 | 06/08/2019 | 2 | 33.57 | 06/08/2019 | Reference material |